00793 a2200193 4500003000500000005001700005040000900022082001500031100002700046245003900073260004600112300002500158505019100183600002700374650003100401942002400432999001900456952012400475NUST20221215131845.0 cNust a323.44,SAE aSaeed , Karman9104947 aFreedom in bondage /cKarman Saeed aNational Book FoundationbIslamabadc1987 a98 p.:billusc18 cm aDefinition (Page-1), Kinds of Freedom (Page-6), Some Basic Concepts (Page-17), Freedom and Different Behavioral Patterns (Page-32), Problem of Freedom in the Present-Day World (Page-82). aSaeed , Karman9104947 aFreedom in bondage9104948 2ddccBKk323.44,SAE c184218d184218 00102ddc4070aMCSbMCScGENd2016-12-12o323.44,SAEpMCS21846r2016-12-08w2016-12-12yBKzAlmirah No.49, Shelf No.6